| 000 | 00397nam a2200169Ia 4500 | ||
|---|---|---|---|
| 003 | 0100 | ||
| 008 | 130303s9999 xx 000 0 und d | ||
| 040 | _cARRUPELIB | ||
| 050 | _aBL245.B31966 | ||
| 100 | _aBarbour, Ian G | ||
| 245 | _aIssues in Science and Religion | ||
| 260 | _aEnglewood Cliffs, New Jersey | ||
| 260 | _bPrentice-Hall Inc | ||
| 260 | _C1966 | ||
| 300 | _a470p | ||
| 942 | 0 | 0 | _03 |
| 999 |
_c38423 _d38423 |
||